000 00486nam a2200157Ia 4500
999 _c18467
_d18467
003 OSt
005 20200606120057.0
008 190216s9999||||xx |||||||||||||| ||und||
040 _cMESKC library
082 _a891.43
_bDUB/T
100 _aDube, Lakshminarayan
_9276
245 0 _aThulsi Sahithya Ke Naye Sandarbh /
_cLakshminarayan Dube
260 _bSathyendra Prakashan,
_aAllahabad:
_c1989.
300 _a200p
942 _cBK
_2ddc
_h891.43
_iDUB/T
_k891.43
_mDUB/T